Quiz sui Pokémon (Serie animata - Serie Gli Albori) - Statistics

Statistiche generali
  • Questo quiz è stato fatto 77 volte
  • Il punteggio medio è 6 su 15
Statistiche sulle risposte
Indizio Risposta % Corretto
Uno/a dei due Capipalestra che si uniscono ad Ash nel suo viaggio Misty | Brock
99%
Luogo di nascita di Ash Biancavilla
82%
Primo Pokémon catturato da Ash (non è Pikachu per ovvi motivi) Caterpie
79%
Il Rivale di Ash per antonomasia Gary Oak
72%
Nel primo episodio della Indigo League, Ash e Pikachu vengono attaccati da uno stormo di questi Pokémon Spearow
72%
Il Pokémon di Delia Ketchum Mimey
60%
Particolarità della compagna del Butterfree di Ash È cromatica
43%
Luogo dove si tiene la Lega Pokémon di Kanto e Johto Altopiano Blu
42%
Il Pokémon che Sandra usa contro Ash che non è di tipo Drago Gyarados
18%
Allenatore che batte Ash ai quarti di finale durante la Conferenza Argento che ispira il suo viaggio ad Hoenn Harrison
12%
L'Allenatore i quali Pokémon conosciuti hanno tutti un soprannome Richie
12%
Città dove Ash ottiene la Medaglia Foglia Smeraldopoli
9%
Il fotografo che vuole immortalare Articuno, e che infine riesce nel suo intento Todd Snap
6%
Nome completo della 2° Stagione (in inglese) Adventures in the Orange Islands
3%
Allenatrice fanatica di baseball Casey
3%
Nessun quiz corrispondente trovato
Distribuzione punteggi
Percentuale di utenti per punteggio
Percentile per numero di risposta
I tuoi punteggi nel tempo
Non hai fatto questo quiz